Southville International School and Colleges
Your cart is empty.
  • Cart
  • Lists
    Public lists list_1 View all
    Your lists Log in to create your own lists
  • Log in to your account
  • Your cookies
  • Search history
Southville International School and Colleges
  • Advanced search
  • Recent comments
  • Most popular
  • Libraries

Log in to your account

Log in with GOOGLE


If you do not have an external account, but do have a local account, you can still log in:

  1. Home
  2. MARC view: Elderly People's Choice of Media and their Perceived State of Loneliness
Normal view MARC view ISBD view

Elderly People's Choice of Media and their Perceived State of Loneliness (Record no. 306797)

[ view plain ]
MARC details
000 -LEADER
fixed length control field 00511nam a2200157Ia 4500
008 - FIXED-LENGTH DATA ELEMENTS--GENERAL INFORMATION
fixed length control field 170221s9999 xx 000 0 und d
100 ## - MAIN ENTRY--PERSONAL NAME
Personal name Erdem Öngün.
245 ## - TITLE STATEMENT
Title Elderly People's Choice of Media and their Perceived State of Loneliness
245 ## - TITLE STATEMENT
Statement of responsibility, etc Erdem Öngün, Feride Zeynep Güder, Aşkın Demirağ.
260 ## - PUBLICATION, DISTRIBUTION, ETC. (IMPRINT)
Name of publisher, distributor, etc Online Journal of Communication and Media Technologies
260 ## - PUBLICATION, DISTRIBUTION, ETC. (IMPRINT)
Date of publication, distribution, etc 2016
300 ## - PHYSICAL DESCRIPTION
Extent 6 : 1
650 ## - SUBJECT ADDED ENTRY--TOPICAL TERM
General subdivision Communication
650 ## - SUBJECT ADDED ENTRY--TOPICAL TERM
General subdivision Media Arts
856 ## - ELECTRONIC LOCATION AND ACCESS
Uniform Resource Identifier <a href="http://www.ojcmt.net/">http://www.ojcmt.net/</a>
Holdings
Withdrawn status Lost status Damaged status Home library Current library Date acquired Total Checkouts Date last seen Price effective from Koha item type
      College Library College Library 02/21/2017   02/21/2017 02/21/2017 Foreign e-journal articles

Elderly People's Choice of Media and their Perceived State of Loneliness

APA

Erdem Öngün, .Elderly People's Choice of Media and their Perceived State of Loneliness. : Online Journal of Communication and Media Technologies.

Chicago

Erdem Öngün, .Elderly People's Choice of Media and their Perceived State of Loneliness. : Online Journal of Communication and Media Technologies.

Harvard

Erdem Öngün, .Elderly People's Choice of Media and their Perceived State of Loneliness. : Online Journal of Communication and Media Technologies.

MLA

Erdem Öngün, .: Online Journal of Communication and Media Technologies. .

  • Place hold
  • Print
  • Cite
  • Add to your cart (remove)
  • Save record
    BIBTEX Dublin Core MARCXML MARC (non-Unicode/MARC-8) MARC (Unicode/UTF-8) MARC (Unicode/UTF-8, Standard) MODS (XML) RIS
  • More searches
    Search for this title in:
    Other Libraries (WorldCat) Other Databases (Google Scholar) Online Stores (Bookfinder.com) Open Library (openlibrary.org)

Exporting to Dublin Core...

SOUTHVILLE LIBRARY

Southville International School and Colleges Library

1281 Tropical Ave. Cor. Luxembourg St., BF Homes International, Las Pinas City

Tel. No. 8256374 / 252358 Loc. 117/146

Powered by Koha